Most Commented Countries on JetPunk - Statistics

General Stats
  • This quiz has been taken 916 times
  • The average score is 12 of 25
Answer Stats
# Country % Correct
57 United States
99%
57 China
95%
43 United Kingdom
94%
77 Russia
91%
24 France
84%
51 Israel
59%
25 Ukraine
58%
154 Taiwan
51%
23 New Zealand
45%
45 Vatican City
43%
24 Cyprus
37%
86 Kosovo
37%
28 Singapore
34%
44 Nauru
33%
31 Palau
32%
36 Tuvalu
31%
48 East Timor
30%
28 F.S. Micronesia
30%
27 Tonga
29%
28 Samoa
28%
28 Marshall Islands
27%
25 Denmark
26%
75 Eswatini
23%
42 North Macedonia
22%
23 Lebanon
17%
No matching quizzes found
Score Distribution
Percent of People with Each Score
Percentile by Number Answered
Your Score History
You have not taken this quiz